LDR 00535naa#a2200181#i#450# 001 EN\\bibl\98425 005 20260630193416.2 011 ## _a3034-4689 100 ## _a20241226b2024####ek#y0engy0150####ca 102 ## _aRU 200 1# _aUSING JUG FILTERS EFFECT ON IRON ION CONTENT IN TAP WATER PURIFICATION _eJournal article 210 1# _aKazan _cKazan National Research Technological University _d2024 215 ## _a2 с. 608 ## _aJournal article _2local 700 #1 _a _g 700 #1 _aTimofeev _gA. O. 700 #1 _aUchitelev _gK. A. 856 4# _avestniktu.ru _u